000 00678cam a2200253 4500
001 J177
008 090401t xxu||||| |||| 00| 0 eng d
035 _a(Sirsi) u73628
041 _aeng
050 _a711.5520212
110 _aRichard Saunders and Partners
_91991
245 _aCity floorspace survey. - 1980.
260 _aLondon
_bRichard Saunders and Partners
_c1980-81
300 _a12 pt. in one volume ; 30cm.
350 _a0
520 _aShelved at Reserve shelf 310.
650 _aCITY OF LONDON
650 _aFLOORSPACE STATISTICS
650 _aLONDON
650 _aOFFICES
690 _aPROPERTY-COMMERCIAL PROPERTY
942 _n0
948 _c04/03/1997
999 _c95654
_d95654